000 00678nam a22001937a 4500
999 _c32190
_d32190
003 OSt
005 20210630151843.0
008 210526b ||||| |||| 00| 0 eng d
040 _cBCRI
082 _a658.15
110 2 _940231
_aCorporación Salvadoreña de Turismo (CORSATUR)
245 _aPortafolio proyectos de inversión turística
_b: 2017
_cCorporación Salvadoreña de Turismo
250 _aN° 7
260 _aSan Salvador
_bCorporación Salvadoreña de Turismo
_c2017
300 _a47 p.
_bil.
_c23 cm.
500 _aContenido en idioma español e inglés Tabla de contenido en p.1
650 0 _93246
_aProyectos de inversión
942 _2ddc
_cBK
_hprozim